[Event "GRE-chT 49th"]
[Site "Thessaloniki"]
[Date "2022.08.15"]
[Round "5"]
[White "Sideris, Michail"]
[Black "Dritsas, Stavros Nikolaos"]
[Result "0-1"]
[WhiteElo "1345"]
[BlackElo "1781"]
[PlyCount "76"]
[EventDate "2022.08.12"]
[EventType "team-swiss"]
[EventRounds "7"]
[EventCountry "GRE"]
[SourceTitle "EXT 2024"]
[Source "ChessBase"]
[SourceDate "2023.10.10"]
[SourceVersion "1"]
[SourceVersionDate "2023.10.10"]
[SourceQuality "1"]
[WhiteTeam "Kozanis Aetoi"]
[BlackTeam "Thessaloniki Sach"]
[WhiteTeamCountry "GRE"]
[BlackTeamCountry "GRE"]

1. d4 d6 2. c4 e5 3. dxe5 dxe5 4. Qxd8+ Kxd8 5. Nf3 f6 6. Nc3 Bb4 7. Bd2 Bxc3 8. Bxc3 Be6 9. 0-0-0+ Ke8 10. e4 Nd7 11. Nd2 a5 12. f3 Ne7 13. Be2 Nc5 14. Nf1 Na4 15. Ne3 Nxc3 16. bxc3 b6 17. Nd5 Bxd5 18. cxd5 Nc8 19. a4 Ke7 20. Kc2 Nd6 21. Rb1 Nb7 22. Bb5 Rad8 23. Rhf1 g5 24. Rbd1 Nc5 25. Rd2 Kd6 26. Rb1 Rhg8 27. h3 h5 28. Rf1 Rdf8 29. h4 g4 30. Re2 gxf3 31. Rxf3 Rg4 32. g3 Nxe4 33. Ree3 f5 34. Bd3 Kxd5 35. c4+ Kd4 36. Rxe4+ fxe4 37. Rxf8 exd3+ 38. Kd2 Rxg3 0-1

[Event "GRE-ch U18"]
[Site "Chania"]
[Date "2021.07.21"]
[Round "9"]
[White "Dritsas, Stavros Nikolaos"]
[Black "Tsilidis, Christos"]
[Result "1-0"]
[WhiteElo "1917"]
[BlackElo "1519"]
[PlyCount "113"]
[EventDate "2021.07.15"]
[EventType "swiss"]
[EventRounds "9"]
[EventCountry "GRE"]
[SourceTitle "EXT 2022"]
[Source "ChessBase"]
[SourceDate "2021.10.06"]
[SourceVersion "1"]
[SourceVersionDate "2021.10.06"]
[SourceQuality "1"]

1. g4 d5 2. Bg2 c6 3. h3 e5 4. d3 f5 5. Nf3 Bd6 6. g5 Ne7 7. c3 f4 8. Nbd2 Bf5 9. Nh4 Nd7 10. Qc2 Rf8 11. Bf3 g6 12. b3 Qb6 13. Nxf5 Nxf5 14. Bg4 0-0-0 15. Bb2 Nh4 16. Nf3 Bc5 17. Rh2 Nf5 18. b4 Bd6 19. a3 a5 20. Kf1 h5 21. gxh6 Nf6 22. Ng5 f3 23. exf3 e4 24. dxe4 Nxg4 25. hxg4 Bxh2 26. exf5 gxf5 27. Ne6 fxg4 28. c4 Rxf3 29. c5 Qb5+ 30. Kg2 Re8 31. Nd4 Qd3 32. Qxd3 Rxd3 33. Kxh2 Rh3+ 34. Kg2 Rxh6 35. Nf5 Rg6 36. Nd6+ Rxd6 37. cxd6 Kd7 38. Bd4 axb4 39. axb4 Kxd6 40. Bc5+ Kc7 41. Rh1 Re4 42. Kg3 b6 43. Rh7+ Kc8 44. Bd6 Rc4 45. Rg7 d4 46. Rxg4 Kd7 47. Be5 c5 48. bxc5 bxc5 49. Rg6 Ke7 50. Kg2 d3 51. Rg3 Re4 52. Bc3 c4 53. Re3 Rxe3 54. fxe3 Kd6 55. Kf3 Kc6 56. Ke4 Kc5 57. Ke5 1-0

[Event "GRE-ch U18"]
[Site "Chania"]
[Date "2021.07.16"]
[Round "3"]
[White "Dritsas, Stavros Nikolaos"]
[Black "Georgakakis, Michail"]
[Result "1-0"]
[WhiteElo "1917"]
[BlackElo "1334"]
[PlyCount "63"]
[EventDate "2021.07.15"]
[EventType "swiss"]
[EventRounds "9"]
[EventCountry "GRE"]
[SourceTitle "EXT 2022"]
[Source "ChessBase"]
[SourceDate "2021.10.06"]
[SourceVersion "1"]
[SourceVersionDate "2021.10.06"]
[SourceQuality "1"]

1. e4 d5 2. exd5 Qxd5 3. Nc3 Qd8 4. g3 Nf6 5. Bg2 c6 6. Nge2 Bf5 7. d3 e6 8. 0-0 Be7 9. a4 a5 10. Bd2 0-0 11. Qe1 Nbd7 12. Nd1 Nd5 13. Ne3 Bg6 14. Nc1 Qc7 15. Nb3 Nb4 16. Bc3 Nf6 17. Qe2 Nfd5 18. Nd4 Rfe8 19. Rfe1 Bc5 20. Nxd5 exd5 21. Qxe8+ Rxe8 22. Rxe8+ Bf8 23. Rae1 Qd7 24. Bxb4 axb4 25. Rb8 Be4 26. dxe4 Qc7 27. Ra8 g6 28. exd5 Kg7 29. dxc6 bxc6 30. Nxc6 Bc5 31. Ra5 Bb6 32. Rb5 1-0

[Event "GRE-ch U20"]
[Site "Trikala"]
[Date "2020.08.23"]
[Round "9"]
[White "Dritsas, Stavros Nikolaos"]
[Black "Stamatiou, Rodolfos"]
[Result "1/2-1/2"]
[WhiteElo "1874"]
[BlackElo "2079"]
[PlyCount "189"]
[EventDate "2020.08.17"]
[EventType "swiss"]
[EventRounds "9"]
[EventCountry "GRE"]
[SourceTitle "CBM 198 Extra"]
[Source "ChessBase"]
[SourceDate "2020.11.30"]
[SourceVersion "1"]
[SourceVersionDate "2020.11.30"]
[SourceQuality "1"]

1. f4 d5 2. Nf3 Nf6 3. b3 c5 4. Bb2 Nc6 5. e3 a6 6. Be2 e6 7. h3 Ne4 8. 0-0 f6 9. Kh2 Qc7 10. d3 Nd6 11. Nh4 Be7 12. Kg1 Bd7 13. Bf3 0-0-0 14. f5 Kb8 15. Na3 exf5 16. Bxd5 g5 17. Bxc6 Qxc6 18. Nf3 Rhg8 19. Nd2 g4 20. h4 f4 21. Rxf4 Nf5 22. Qe1 Bd6 23. Rxf5 Bxf5 24. e4 Bc8 25. Bxf6 Bh2+ 26. Kxh2 g3+ 27. Qxg3+ Rxg3 28. Be5+ Ka7 29. Bxg3 Rg8 30. Re1 Qg6 31. Nf1 Be6 32. Nb1 h5 33. Nc3 Qg7 34. e5 Qd7 35. Ne4 Qd4 36. a4 Rxg3 37. Nfxg3 Qxe5 38. Rf1 Bg4 39. Rf2 Bd1 40. Rd2 Bg4 41. Rf2 Qe7 42. Nf6 Bd1 43. Nge4 Qe5+ 44. Kh3 Qb2 45. g4 Bxc2 46. gxh5 Qxb3 47. Nxc5 Qf7 48. Nfe4 Qxh5 49. Rxc2 b6 50. Ng3 Qd1 51. Rc4 bxc5 52. a5 Qxd3 53. Rxc5 Kb7 54. h5 Qe3 55. Rf5 Kc7 56. Kg4 Kd7 57. Rf7+ Ke8 58. Rf5 Qd4+ 59. Kg5 Qe3+ 60. Kh4 Qh6 61. Re5+ Kf7 62. Kg4 Kg8 63. Ne4 Qc1 64. Kf5 Kg7 65. Re7+ Kf8 66. Re5 Kg7 67. Rc5 Qh6 68. Rc7+ Kf8 69. Rc8+ Ke7 70. Rc7+ Kd8 71. Rc5 Qxh5+ 72. Ke6 Qe8+ 73. Kd5 Qd7+ 74. Ke5 Ke7 75. Rd5 Qa4 76. Kf4 Qa3 77. Re5+ Kd8 78. Rc5 Kd7 79. Ke5 Qa1+ 80. Kd5 Qd1+ 81. Ke5 Qh5+ 82. Kd4 Qh8+ 83. Kc4 Ke6 84. Kd3 Qh1 85. Kd4 Qa1+ 86. Kd3 Qa3+ 87. Kd4 Qa4+ 88. Ke3 Qb3+ 89. Kf4 Qb2 90. Rc6+ Kd5 91. Rd6+ Kc4 92. Rc6+ Kd3 93. Rd6+ Kc4 94. Nd2+ Kc3 95. Ke4 1/2-1/2

[Event "GRE-ch U20"]
[Site "Trikala"]
[Date "2020.08.18"]
[Round "2"]
[White "Dritsas, Stavros Nikolaos"]
[Black "Samaridis, Konstantinos"]
[Result "0-1"]
[WhiteElo "1874"]
[BlackElo "2094"]
[PlyCount "124"]
[EventDate "2020.08.17"]
[EventType "swiss"]
[EventRounds "9"]
[EventCountry "GRE"]
[SourceTitle "CBM 198 Extra"]
[Source "ChessBase"]
[SourceDate "2020.11.30"]
[SourceVersion "1"]
[SourceVersionDate "2020.11.30"]
[SourceQuality "1"]

1. e4 e5 2. Nf3 Nc6 3. Bc4 Bc5 4. 0-0 Nf6 5. d4 Bxd4 6. Nxd4 Nxd4 7. Bg5 h6 8. Bh4 Qe7 9. c3 Ne6 10. Bxf6 gxf6 11. Nd2 d6 12. Bxe6 Bxe6 13. f4 d5 14. f5 Bd7 15. b4 dxe4 16. Nxe4 0-0-0 17. Qf3 Bc6 18. a4 Bxe4 19. Qxe4 Qd6 20. Qe3 Qb6 21. Qxb6 axb6 22. a5 bxa5 23. Rxa5 Kd7 24. c4 c6 25. b5 c5 26. Ra3 Kc7 27. Rg3 Rh7 28. h3 h5 29. Rc1 Rd4 30. b6+ Kxb6 31. Rb3+ Kc6 32. Rcb1 Rxc4 33. Rb6+ Kd5 34. Rxb7 Rg7 35. R1b2 Rf4 36. Rd7+ Ke4 37. Rc7 Kxf5 38. Rxc5 Kg6 39. Rc8 f5 40. Rh8 h4 41. Rb6+ f6 42. Re8 Kg5 43. Rf8 Rg6 44. Rb7 Ra4 45. Kh2 Ra2 46. Rh8 Rh6 47. Rg8+ Kf4 48. Rb6 e4 49. Rg7 Ra5 50. Rb4 Re5 51. Rd7 Rg6 52. Rh7 Kg5 53. Rb2 e3 54. Re2 Rg8 55. g3 hxg3+ 56. Kxg3 f4+ 57. Kf3 Kf5 58. Rh2 Rg3+ 59. Ke2 f3+ 60. Kd3 e2 61. Rh5+ Rg5 62. Rxg5+ fxg5 0-1

[Event "Thessaloniki Vardaris op 6th"]
[Site "Thessaloniki"]
[Date "2020.02.29"]
[Round "3"]
[White "Deligiannis, Paraskevas1111"]
[Black "Dritsas, Stavros Nikolaos"]
[Result "1-0"]
[WhiteElo "2038"]
[BlackElo "1754"]
[PlyCount "91"]
[EventDate "2020.02.27"]
[EventType "swiss"]
[EventRounds "7"]
[EventCountry "GRE"]
[SourceTitle "CBM 195 Extra"]
[Source "ChessBase"]
[SourceDate "2020.05.31"]
[SourceVersion "1"]
[SourceVersionDate "2020.05.31"]
[SourceQuality "1"]

1. c4 Nf6 2. g3 e6 3. Bg2 d5 4. Nf3 d4 5. 0-0 Be7 6. b4 0-0 7. Bb2 d3 8. Qb3 dxe2 9. Re1 Nc6 10. b5 Na5 11. Qc3 c6 12. a4 Ne8 13. Rxe2 Bf6 14. Ne5 Nd6 15. Na3 cxb5 16. axb5 Bd7 17. Qb4 Qc7 18. c5 Nf5 19. Bc3 b6 20. Bxa8 Rxa8 21. c6 Be8 22. Nac4 Nxc4 23. Nxc4 Bd4 24. Ne3 Bc5 25. Qg4 h5 26. Qxh5 Nd4 27. Bxd4 Bxd4 28. Ra4 Rd8 29. Qh4 Bxe3 30. Rxe3 Rd5 31. Qc4 Rxd2 32. Rea3 Qe5 33. Ra1 g5 34. Rxa7 Qf5 35. Qf1 Kf8 36. Rc1 Rc2 37. Raa1 Rc5 38. Rxc5 bxc5 39. c7 Bd7 40. Ra8+ Ke7 41. c8Q Bxc8 42. Rxc8 Kd7 43. Rc6 Qd5 44. Qc1 c4 45. Qxc4 Qf3 46. Qd4+ 1-0

[Event "GRE-chT U16"]
[Site "Thessaloniki"]
[Date "2019.11.30"]
[Round "5.1"]
[White "Alexakis, Dimitris"]
[Black "Dritsas, Stavros Nikolaos"]
[Result "0-1"]
[WhiteElo "2459"]
[BlackElo "1713"]
[PlyCount "124"]
[EventDate "2019.11.28"]
[EventType "team-swiss"]
[EventRounds "6"]
[EventCountry "GRE"]
[SourceTitle "CBM 193 Extra"]
[Source "ChessBase"]
[SourceDate "2020.01.31"]
[SourceVersion "1"]
[SourceVersionDate "2020.01.31"]
[SourceQuality "1"]
[WhiteTeam "Peiraikos"]
[BlackTeam "Thessaloniki Sach"]
[WhiteTeamCountry "GRE"]
[BlackTeamCountry "GRE"]

1. e4 e5 2. d4 exd4 3. Qxd4 Nc6 4. Qe3 Nf6 5. Nc3 Bb4 6. Bd2 Qe7 7. 0-0-0 d6 8. f3 Be6 9. g4 h6 10. Bb5 a6 11. Bxc6+ bxc6 12. Nge2 Nd7 13. Na4 Bxd2+ 14. Qxd2 c5 15. Nf4 Ne5 16. Nd5 Nxf3 17. Qc3 Bxd5 18. Qxg7 Qe5 19. Qxe5+ Nxe5 20. exd5 Nxg4 21. Rhg1 Nxh2 22. Rd3 f5 23. Nc3 Ng4 24. Rf3 Rf8 25. Ne2 Ke7 26. Nf4 Rf6 27. Ne6 c6 28. Ng7 Raf8 29. dxc6 Ne5 30. Ra3 Nxc6 31. Nh5 R6f7 32. Rxa6 Kd7 33. Nf4 Nb4 34. Ra4 Kc6 35. Ng6 Re8 36. a3 Kb5 37. b3 Nc6 38. Nf4 Nd4 39. Rg6 Rd7 40. Nd5 Re1+ 41. Kb2 Kc6 42. Nf6 Rd8 43. Rc4 f4 44. Ng4 f3 45. Rf6 h5 46. Nh2 Re3 47. Nf1 Re2 48. Ng3 h4 49. Nf5 Nxf5 50. Rxf5 Rh8 51. Ra4 h3 52. Ra6+ Kd7 53. Rf6 h2 54. Rfxd6+ Ke7 55. Rdb6 h1Q 56. Rb7+ Kf8 57. Rf6+ Ke8 58. Ra6 Rd2 59. Re6+ Kd8 60. Ra6 Qh3 61. Ra8+ Qc8 62. Rba7 Rhh2 0-1

[Event "Thessaloniki-Chalkidiki CupT"]
[Site "Thessaloniki"]
[Date "2019.04.13"]
[Round "3.2"]
[White "Tsamis, Emmanouil"]
[Black "Dritsas, Stavros Nikolaos"]
[Result "0-1"]
[WhiteElo "1135"]
[BlackElo "1597"]
[PlyCount "146"]
[EventDate "2019.02.09"]
[EventType "team-swiss"]
[EventRounds "5"]
[EventCountry "GRE"]
[SourceTitle "EXT 2021"]
[Source "ChessBase"]
[SourceDate "2020.10.23"]
[SourceVersion "1"]
[SourceVersionDate "2020.10.23"]
[SourceQuality "1"]

1. d4 Nf6 2. c4 g6 3. Nc3 Bg7 4. Nf3 0-0 5. Bg5 d6 6. e3 Nbd7 7. Be2 c6 8. 0-0 Qc7 9. Re1 e5 10. Qc2 Nh5 11. Nd2 h6 12. Bh4 exd4 13. exd4 Nf4 14. Nf3 Nf6 15. Ne4 Nxe2+ 16. Rxe2 Nxe4 17. Qxe4 Bf5 18. Qe7 Rac8 19. Bg3 Bd3 20. Re3 Qxe7 21. Rxe7 Bxc4 22. Bxd6 Ba6 23. Rae1 Rfd8 24. Bg3 Bf6 25. R7e4 Bc4 26. Be5 Bg7 27. Bxg7 Kxg7 28. b3 Bd5 29. Re7 Rb8 30. Rc7 Rdc8 31. Ree7 Rxc7 32. Rxc7 Kf8 33. Ne5 Ke8 34. Rd7 Be6 35. Rd6 Ke7 36. Rxc6 bxc6 37. Nxc6+ Kd6 38. Nxb8 Bc8 39. Kf1 Kc7 40. Ke2 Kxb8 41. Ke3 Kc7 42. Kf4 Kd6 43. g3 Kd5 44. Ke3 Bf5 45. a3 Bc2 46. b4 g5 47. Kd2 Ba4 48. Kd3 Bb5+ 49. Ke3 f5 50. f3 Kc4 51. h3 Bc6 52. f4 Kd5 53. fxg5 hxg5 54. h4 gxh4 55. gxh4 Ke6 56. Kf4 Kf6 57. Ke3 Kg6 58. Kf4 Bd7 59. Kf3 Kf6 60. Kf4 Be8 61. Kf3 Ke6 62. Ke3 Kd5 63. Kf4 Bg6 64. h5 Bh7 65. Kg5 Kxd4 66. Kh6 f4 67. Kxh7 f3 68. h6 f2 69. Kg8 f1Q 70. h7 Qg2+ 71. Kh8 Qg6 72. b5 Qf7 73. b6 Qf8# 0-1

[Event "Thessaloniki/Chalkidiki-chT"]
[Site "Thessaloniki/Chalkidiki"]
[Date "2019.02.24"]
[Round "6.9"]
[White "Dritsas, Stavros Nikolaos"]
[Black "Mitsiou, Konstantinos"]
[Result "1/2-1/2"]
[WhiteElo "1652"]
[BlackElo "1387"]
[PlyCount "122"]
[EventDate "2019.01.13"]
[EventType "team-tourn"]
[EventRounds "9"]
[EventCountry "GRE"]
[SourceTitle "EXT 2020"]
[Source "ChessBase"]
[SourceDate "2019.10.17"]
[SourceVersion "1"]
[SourceVersionDate "2019.10.17"]
[SourceQuality "1"]
[WhiteTeam "Thessaloniki SO Sach"]
[BlackTeam "Polygyrou ASO"]
[WhiteTeamCountry "GRE"]
[BlackTeamCountry "GRE"]

1. e4 c5 2. Nf3 Nc6 3. a3 d6 4. g3 Nf6 5. Nc3 g6 6. Bg2 Bg7 7. d3 0-0 8. 0-0 h6 9. Nh4 Be6 10. f4 Bg4 11. Qd2 Qd7 12. f5 g5 13. Nf3 e6 14. h3 Bxf3 15. Bxf3 exf5 16. exf5 Nd4 17. Bd1 Nxf5 18. Qg2 Rfe8 19. Bf3 Rab8 20. Nd5 Nd4 21. Nxf6+ Bxf6 22. Bh5 Kg7 23. h4 Rf8 24. Bd1 Rbe8 25. c3 Nc6 26. Ba4 a6 27. Bd2 Qg4 28. Bd1 Qd7 29. Bc2 Ne5 30. hxg5 Bxg5 31. Bxg5 hxg5 32. d4 Nc4 33. Qd5 Qg4 34. Qf3 Qxf3 35. Rxf3 cxd4 36. cxd4 Re3 37. Rxe3 Nxe3 38. Be4 b5 39. Bb7 a5 40. Kf2 Nc2 41. Rd1 Rh8 42. Be4 Rh2+ 43. Kg1 Re2 44. Bd3 Re1+ 45. Rxe1 Nxe1 46. Be4 f5 47. Bxf5 Nf3+ 48. Kf2 Nxd4 49. Bd7 b4 50. axb4 axb4 51. Ke3 Nb3 52. Bc6 Nc5 53. Kd4 b3 54. Kd5 Nd3 55. Ba4 Nxb2 56. Bxb3 Kf6 57. Kxd6 Kf5 58. Be6+ Ke4 59. Ke7 Kf3 60. Kf6 g4 61. Bxg4+ Kxg4 1/2-1/2